000 00539nam a2200181Ia 4500
999 _c37091
_d37091
003 OSt
005 20210127103710.0
008 190216s9999||||xx |||||||||||||| ||und||
020 _a9789350132043
040 _coclc
082 _a420
_bCHO/U
100 _aChoudhary, Hira Lal
_98449
245 0 _aUGC NET / JRF / SET English Literature (Paper II 7 III) /
_cHira Lal Choudhary
260 _bUpkar Prakashan,
_c2011.
_aAgra:
300 _a768p
650 _aReferences
942 _cREF
_2ddc
_h420
_iCHO/U
_k420
_mCHO/U